[Event "Hannover Bezirk-ch D"]
[Site "Hannover"]
[Date "2018.10.05"]
[Round "3.3"]
[White "Mueller Stumpf, Lars"]
[Black "Nidzwetzki, Nadja"]
[Result "1-0"]
[WhiteElo "1000"]
[BlackElo "1031"]
[PlyCount "75"]
[EventDate "2018.10.04"]
[EventType "swiss"]
[EventRounds "7"]
[EventCountry "GER"]
[SourceTitle "EXT 2022"]
[Source "ChessBase"]
[SourceDate "2021.10.06"]
[SourceVersion "1"]
[SourceVersionDate "2021.10.06"]
[SourceQuality "1"]

1. d4 d5 2. Nf3 Nc6 3. c4 Nf6 4. cxd5 Nxd5 5. e4 Nf6 6. e5 Nd5 7. Bc4 Bg4 8. 0-0 e6 9. Bxd5 Qxd5 10. Nc3 Qd7 11. Be3 Be7 12. Rc1 Nb4 13. a3 Nd5 14. Nxd5 exd5 15. Bf4 c6 16. h3 Bh5 17. g4 Bg6 18. Re1 Be4 19. Ng5 Bxg5 20. Bxg5 0-0 21. f3 Bg6 22. h4 h5 23. Re3 Rae8 24. Qe2 a6 25. Re1 Qc8 26. Kg2 Kh8 27. Kg3 Kh7 28. f4 f6 29. gxh5 Bf5 30. Bxf6 gxf6 31. exf6 Rxe3+ 32. Qxe3 Kh6 33. Qe7 Rg8+ 34. Kf3 Be6 35. Rxe6 Qb8 36. f7+ Kg7 37. Rg6+ Kh7 38. fxg8Q# 1-0